Amor, libertad y moral cristiana /

Kaydedildi:
Detaylı Bibliyografya
Yazar: Lyonnet, Stanislas (autor)
Diğer Yazarlar: Fuchs, Josef (autor) (autor)
Materyal Türü: Kitap
Dil:İspanyolca
Baskı/Yayın Bilgisi: México : Compañía de Jesús, Provincia Mexicana [distribución], 1977
Etiketler: Etiketle
Etiket eklenmemiş, İlk siz ekleyin!

MARC

LEADER 00000nam^a2200000^a^4500
001 000623817
005 20260220000000.0
009 20260310133944.463
037 |a Acervo Xavier Clavigero 
041 |a ESP 
091 |a FHG. 00628 
100 |a Lyonnet, Stanislas  |e (autor) 
245 1 0 |a Amor, libertad y moral cristiana / 
264 1 |a México :  |b Compañía de Jesús, Provincia Mexicana [distribución],  |c 1977 
300 |a 98 p. 
336 |a texto  |b txt  |2 rdacontenido 
337 |a sin mediación  |b n  |2 rdamedio 
338 |a volumen  |b nc  |2 rdasoporte 
649 |a XX 
700 |a Fuchs, Josef  |e (autor) 
910 |a Fondo Humberto García Bedoy S.J. 
920 |a Impresos - Libros 
930 |a Fondos Especiales 
905 |a 148 
901 |a 623817-10  |b IT2  |c ESP  |i D  |u 20251031 
901 |a 623817-20  |b IT2  |c ESP  |i D  |u 20251031 
902 |a https://opac.biblio.iteso.mx/vufind/Record/000623817